| 000 | 01196nam a2200241 i 4500 | ||
|---|---|---|---|
| 001 | 151367 | ||
| 003 | ES-MaACL | ||
| 005 | 20230906204000.0 | ||
| 008 | 990709s1764 fr abf |||| | fre d | ||
| 040 |
_aCCPB | B _bspa _cCCPB | B |
||
| 110 | 2 |
_aAcadémie des inscriptions et belles-lettres (Francia) _91230 |
|
| 245 | 1 | 0 |
_aMémoires de littérature, tirés des registres de l´Academie Royale des Inscriptions et Belles-Lettres, depuis l´année MDCCLVIII, jusques & compris l´année MDCCLX _b: Tome Trentième. |
| 260 |
_aA Paris : _bDe l´Imprimerie Royale, _c1764. |
||
| 300 |
_a[6], 819 p., [13] h. de grab., [2] h. de lám. pleg., [3] h. de mapa pleg. ; _c25 cm. |
||
| 597 | _aSign.: *4, A-Z4, 2A-2Z4, 3A-3Z4, 4A-4Z4, 5A-5K4, 5L2. | ||
| 597 | _aPort. con grab. xil. | ||
| 597 | _aTexto con apostillas marginales. | ||
| 599 | _aViñeta xil. en r. de A1. | ||
| 599 | _aLas h. de grab. son del alfabeto fenicio y de vasijas y esculturas fenicias. | ||
| 599 | _aLas h. de mapa pleg. son de Gibraltar, del Golfo Pérsico y Roma. | ||
| 610 | 2 |
_aAcadémie des inscriptions et belles-lettres (Francia) _91230 |
|
| 852 |
_aES-MaACL _jR-1298-1343 _z-- Enc. piel _x Olim: G-13300-45 |
||
| 999 |
_c151367 _d151367 |
||